000 00304nam a22001337a 4500
008 171025b xxu||||| |||| 00| 0 eng d
020 _a9780534418700
041 _aeng
080 _212 ED
_a311
100 _a55
101 _aSTA
245 _aPROBABILITY AND STATISTICS
_cBEAVER.M
942 _2udc
_cBK
999 _c35949
_d35949